书目信息 |
| 题名: |
元曲释词
|
|
| 作者: | 顾学颉 , 王学奇 著 | |
| 分册: | 二 | |
| 出版信息: | 北京 中国社会科学出版社 1984.10 |
|
| 页数: | 563页 | |
| 开本: | 21cm | |
| 丛书名: | ||
| 单 册: | ||
| 中图分类: | H134 | |
| 科图分类: | ||
| 主题词: | 汉语--语义 , 汉语--语义学 , 汉语--词汇 , 训诂 | |
| 电子资源: | ||
| ISBN: | ||
| 000 | 00654nam0 2200253 45 | |
| 001 | 0211281542 | |
| 005 | 20040420162408.7 | |
| 010 | @dCNY2.55 | |
| 091 | @a10190.165 | |
| 100 | @a20021128d1984 km y0chiy0120 ea | |
| 101 | 0 | @achi |
| 105 | @a z 000gy | |
| 200 | 1 | @a元曲释词@AYuan Qu Shi Ci@h二@f顾学颉,王学奇著@FGu Xue Jie,Wang Xue Qi Zhu |
| 210 | @a北京@c中国社会科学出版社@d1984.10 | |
| 215 | @a563页@d21cm | |
| 606 | 0 | @a汉语@x语义 |
| 606 | 0 | @a汉语@x语义学 |
| 606 | 0 | @a汉语@x词汇 |
| 606 | 0 | @a训诂 |
| 690 | @aH134@v3 | |
| 701 | 0 | @a顾学颉@4著 |
| 701 | 0 | @a王学奇@4著 |
| 801 | @aCN@bTSTC@c20030219 | |
| 905 | @dH134@e72:2@f1@b136715 | |
| 元曲释词.二/顾学颉,王学奇著.-北京:中国社会科学出版社,1984.10 |
| 563页;21cm |
| ISBN :CNY2.55 |
| ● |
| 相关链接 |
|
|
|
|
正题名:元曲释词
索取号:H134/72:2
 
预约/预借
| 序号 | 登录号 | 条形码 | 馆藏地/架位号 | 状态 | 备注 |
| 1 | 0136713 | 001747444 | 密集书库/ [索取号:H134/72:2] | 在馆 | |
| 2 | 0136714 | 001747408 | 密集书库/ [索取号:H134/72:2] | 在馆 | |
| 3 | 0136715 | 000838142 | 第四借阅区/ [索取号:H134/72:2] | 在馆 | |
| 4 | 0136716 | 001747328 | 密集书库/ [索取号:H134/72:2] | 在馆 | |
| 5 | 0136717 | 001747364 | 密集书库/ [索取号:H134/72:2] | 在馆 | |
| 6 | 0244850 | 001747248 | 密集书库/ [索取号:H134/72:2] | 在馆 | |
| 7 | 0244851 | 001747284 | 密集书库/ [索取号:H134/72:2] | 在馆 | |
| 8 | 0244852 | 202074138 | 第二样本阅览室/ [索取号:H134/72:2] | 在馆 | |
| 9 | 0251860 | 001631489 | 密集书库/ [索取号:H134/72:2] | 在馆 | |
| 10 | 0251861 | 001631443 | 密集书库/ [索取号:H134/72:2] | 在馆 | |
| 11 | 0251862 | 001631274 | 密集书库/ [索取号:H134/72:2] | 在馆 | |
| 12 | 0251863 | 001631318 | 密集书库/ [索取号:H134/72:2] | 在馆 | |
| 13 | 0251864 | 001631327 | 密集书库/ [索取号:H134/72:2] | 在馆 |